000 00752nam a2200265Ia 4500
003 OSt
005 20220925232142.0
006 a|||||r|||| 00| 0
007 ta
008 220923b |||||||| |||| 00| 0 eng d
020 _a0719014530
037 _cGeneral Book
040 _aRTL
_cRTL
_beng
041 _2eng
_aeng
082 _aR5, M4
100 _aBurger Peter
_9288312
245 0 _aTheory of the Avant-gorde. Tr from the German by
260 _aMinneapolis
_bManchester University Press
_c1984
300 _a135p
_ccm.
490 _aTheory and history of literature, 4.
500 _aBibliography: P 122-25
650 _aEsthetics
_9249529
942 _hR5, M4
_cGB
_2CC
999 _c590458
_d590458